000 00325nam a22001097a 4500
008 230704b xxu||||| |||| 00| 0 eng d
082 _a324.02
_bCON 2011
245 _aAfrican Parliamentary INdex (API)
_bA Report for Seven African Countries
260 _bParliamentary Centre
_c2011
300 _aVarious paging
942 _2ddc
_cBK
999 _c3603
_d3603